000 01066ngm a22003010a 4500
001 PT19538
003 AR-LpoUNG
005 20210202000312.0
007 vd cvaizq
008 191001s1994||||ag |||||||||||||||||spa d
037 _c$9.96
040 _aAR-LpoUNG
_bspa
_cAR-LpoUNG
_eaacr
041 _aspa
044 _aag
082 0 _a944.03 521rei
100 1 _aChereau, Patrice
_edir.
245 1 3 _aLa reina Margot
260 _aBuenos Aires :
_bTransmundo Home Video,
_c[1994].
300 _aVHS (140 min.) : son., col.
520 _aDrama histórico, transcurre en el Siglo XVI; Francia se encuentra inmersa en una guerra de religión que divide a católicos y hugonotes. El rey Carlos IX y su madre Catalina de Medicis intentan terminarla arreglando el matrimonio entre Margarita de Valois, su hermana pequeña, y Enrique de Borbón, el rey de Navarra, uniendo ambas dinastías.
650 4 _aFRANCIA
650 4 _aGRUPOS RELIGIOSOS
650 4 _aHISTORIA SOCIAL
651 4 _aFrancia
653 _aVIDEOS
905 _a19538
942 _cVIDEO
999 _c54566
_d54566